Theological retrieval for evangelicals : (Record no. 9221)

MARC details
000 -LEADER
fixed length control field 02063cam a2200361 i 4500
001 - CONTROL NUMBER
control field 20802464
003 - CONTROL NUMBER IDENTIFIER
control field GBCCL
005 - DATE AND TIME OF LATEST TRANSACTION
control field 20241126110707.0
008 - FIXED-LENGTH DATA ELEMENTS--GENERAL INFORMATION
fixed length control field 190108s2019 ilu b 001 0 eng
010 ## -
-- 2019000335
020 ## - INTERNATIONAL STANDARD BOOK NUMBER
International Standard Book Number 9781433565267 (tp)
040 ## - CATALOGING SOURCE
Original cataloging agency DLC
Language of cataloging eng
Transcribing agency DLC
Description conventions rda
Modifying agency DLC
042 ## -
-- pcc
050 00 -
-- BR118
-- .O785 2019
082 00 - DEWEY DECIMAL CLASSIFICATION NUMBER
Classification number 230
Edition information 23
Item number ORT
100 1# - MAIN ENTRY--PERSONAL NAME
Personal name Ortlund, Gavin,
Dates associated with a name 1983-
Relator term author.
9 (RLIN) 16037
245 10 - TITLE STATEMENT
Title Theological retrieval for evangelicals :
Remainder of title why we need our past to have a future /
Statement of responsibility, etc. Gavin Ortlund.
264 #1 - PRODUCTION, PUBLICATION, DISTRIBUTION, MANUFACTURE, AND COPYRIGHT NOTICE
Place of production, publication, distribution, manufacture Wheaton, Illinois :
Name of producer, publisher, distributor, manufacturer Crossway,
Date of production, publication, distribution, manufacture, or copyright notice [2019]
300 ## - PHYSICAL DESCRIPTION
Extent 218 pages ;
Dimensions 23 cm
336 ## - CONTENT TYPE
Content type term text
Content type code txt
Source rdacontent
337 ## - MEDIA TYPE
Media type term unmediated
Media type code n
Source rdamedia
338 ## - CARRIER TYPE
Carrier type term volume
Carrier type code nc
Source rdacarrier
504 ## - BIBLIOGRAPHY, ETC. NOTE
Bibliography, etc. note Includes bibliographical references and indexes.
505 0# - FORMATTED CONTENTS NOTE
Formatted contents note A manifesto for theological retrieval -- Can evangelicals retrieve patristic and medieval theology? -- Why evangelicals need theological retrieval -- Benefits and perils of theological retrieval -- Case studies in theological retrieval -- Explorations in a theological metaphor: Boethius, Calvin, and Torrance on the creator/creation distinction -- Divine simplicity in patristic and medieval perspective: resourcing a contemporary discussion -- Substitution as both satisfaction and recapitulation: atonement themes in convergence in Irenaeus, Anselm, and Athanasius -- Cultivating skill in the "art of arts:" pastoral balance in Gregory the Great's The book of pastoral rule.
650 #0 - SUBJECT ADDED ENTRY--TOPICAL TERM
Topical term or geographic name entry element Theology
General subdivision History.
9 (RLIN) 2329
650 #0 - SUBJECT ADDED ENTRY--TOPICAL TERM
Topical term or geographic name entry element Theology
General subdivision Methodology.
9 (RLIN) 438
650 #0 - SUBJECT ADDED ENTRY--TOPICAL TERM
Topical term or geographic name entry element Evangelicalism.
9 (RLIN) 178
650 #0 - SUBJECT ADDED ENTRY--TOPICAL TERM
Topical term or geographic name entry element Reformed Church
General subdivision Doctrines.
9 (RLIN) 618
776 08 - ADDITIONAL PHYSICAL FORM ENTRY
Relationship information Online version:
Main entry heading Ortlund, Gavin, 1983- author.
Title Theological retrieval for evangelicals
Place, publisher, and date of publication Wheaton : Crossway, 2019
International Standard Book Number 9781433565274
Record control number (DLC) 2019021797
906 ## - LOCAL DATA ELEMENT F, LDF (RLIN)
a 7
b cbc
c orignew
d 1
e ecip
f 20
g y-gencatlg
942 ## - ADDED ENTRY ELEMENTS (KOHA)
Source of classification or shelving scheme Dewey Decimal Classification
Koha item type Books
Holdings
Withdrawn status Lost status Source of classification or shelving scheme Damaged status Not for loan Home library Current Library Shelving location Date acquired Total checkouts Full call number Barcode Date last seen Copy number Price effective from Koha item type
    Dewey Decimal Classification     GRACE BIBLE COLLEGE GRACE BIBLE COLLEGE Theology 2022-06-16   230 ORT 015658 2025-05-01 c.1 2022-06-16 Books
© Grace Bible College Library 2025